5-Star Cartoon Characters Quiz Stats

 Plays Quiz Updated Jan 15, 2016

Challenge
Share
Tweet
Embed
Score 0/50 Timer 10:00
2 Plays Today
% Correct
Squidward Tentacles
96.6%
Patrick Star
93.2%
Eugene Krabs
92.2%
Pikachu
92.1%
Anakin Skywalker
89.9%
Sheldon J. Plankton
88.7%
Sandy Cheeks
87.9%
Superman
87.9%
Optimus Prime
87.1%
Wonder Woman
87%
Angelica Pickles
86.8%
Green Lantern
86%
Batman
85.9%
Ned Flanders
85.9%
Megatron
85.7%
Tommy Pickles
84.7%
Jar Jar Binks
84.4%
Charizard
82.6%
Chuckie Finster
81.5%
Apu Nahasapeemapetilon
80.1%
Bumblebee
78.2%
Waylon Smithers
77.5%
Comic Book Guy
75.8%
Ash Ketchum
75.1%
Count Dooku
73.1%
% Correct
Jake The Dog
72.5%
General Grievous
71.8%
Finn The Human
70.7%
Perry The Platypus
68.1%
Buster Baxter
68%
Starscream
67.3%
Princess Bubblegum
62.1%
Dr. Heinz Doofenshmirtz
62%
Francine Frensky
60.8%
D.W. Read
59.6%
Candace Flynn
58.7%
Brock
58.3%
Susie Carmichael
58.3%
Misty
56.7%
Phil DeVille
56.5%
Snowball II
56%
Ahsoka Tano
54.8%
Ice King
54.7%
Alan 'The Brain' Powers
49.9%
Jazz
49.7%
Nigel Ratburn
47.8%
Martian Manhunter
43.3%
Isabella Garcia-Shapiro
42.9%
Baljeet
41.4%
Marceline
38.6%

You're not logged in!

Compare scores with friends on all Sporcle quizzes.
Join for Free
OR
Log In

You Might Also Like...

Show Comments

Extras

Top Quizzes Today


Score Distribution

Your Account Isn't Verified!

In order to create a playlist on Sporcle, you need to verify the email address you used during registration. Go to your Sporcle Settings to finish the process.

Report this User

Report this user for behavior that violates our Community Guidelines.

Details: